000 00411nam a2200145Ia 4500
008 151213s9999 xx 000 0 und d
100 _aA.Stamp, C.Collcott & L.M.Dutty
245 _aSilver Bells
_cA.Stamp, C.Collcott & L.M.Dutty
260 _aNew Delhi
_bAllied Publisher
_c1997
300 _a8307 p.
650 _aEnglish
650 _aEnglish
700 _aA.Stamp, C.Collcott & L.M.Dutty
999 _c4152
_d4152